Historia de los árabes y de los moros de España / (Record no. 167373)
[ view plain ]
| 000 -LEADER | |
|---|---|
| campo de control de longitud fija | 00962nam a2200241 i 4500 |
| 001 - NÚMERO DE CONTROL | |
| campo de control | 167373 |
| 003 - IDENTIFICADOR DE NÚMERO DE CONTROL | |
| campo de control | ES-MaACL |
| 005 - FECHA Y HORA DE LA ÚLTIMA TRANSACCIÓN | |
| campo de control | 20230906213518.0 |
| 008 - DATOS DE LONGITUD FIJA--INFORMACIÓN GENERAL | |
| campo de control de longitud fija | 940301s1844 sp a |||| | spa d |
| 040 ## - FUENTE DE CATALOGACIÓN | |
| Centro catalogador/agencia de origen | AS |
| Lengua de catalogación | spa |
| 100 1# - ENTRADA PRINCIPAL--NOMBRE DE PERSONA | |
| Nombre de persona | Viardot, Louis. |
| 9 (RLIN) | 114298 |
| 245 10 - MENCIÓN DEL TÍTULO | |
| Título | Historia de los árabes y de los moros de España / |
| Mención de responsabilidad, etc. | por Luis Viardot. |
| 260 ## - PUBLICACIÓN, DISTRIBUCIÓN, ETC. | |
| Lugar de publicación, distribución, etc. | Barcelona : |
| Nombre del editor, distribuidor, etc. | Imprenta de Juan de Oliveres, editor, |
| Fecha de publicación, distribución, etc. | 1844. |
| 300 ## - DESCRIPCIÓN FÍSICA | |
| Extensión | VI, 304 p., [1] h. de lám. ; |
| Dimensiones | 18 cm. |
| 490 1# - MENCIÓN DE SERIE | |
| Mención de serie | Tesoro de autores ilustres ; |
| Designación de volumen o secuencia | 20. |
| Mención de serie | Obras de Viardot; 1 |
| 599 ## - NOTA A LAS ILUSTRACIONES | |
| NOTA A LAS ILUSTRACIONES | La h. de lam.: "J. Puiggari d." y " A. Roca g.", retrato de Isabel la Católica. |
| 651 #4 - PUNTO DE ACCESO ADICIONAL DE MATERIA--NOMBRE GEOGRÁFICO | |
| Nombre geográfico | España- |
| Subdivisión general | Historia- |
| Subdivisión cronológica | 0711-1492, Reconquista. |
| 9 (RLIN) | 8217 |
| 830 0# - PUNTO DE ACCESO ADICIONAL DE SERIE-TÍTULO UNIFORME | |
| Título uniforme | Tesoro de autores ilustres ; |
| Designación de volumen o secuencia | 20. |
| Título uniforme | Obras de Viardot; 1 |
| 9 (RLIN) | 222622 |
| 852 ## - LOCALIZACIÓN | |
| Ubicación | ES-MaACL |
| Número de control de estantería | D-2183 |
| Nota libre | -- Enc. hol. |
| -- | -- Legado de M. de la Fuente |
| 852 ## - LOCALIZACIÓN | |
| Ubicación | ES-MaACL |
| Número de control de estantería | D-450 |
| Nota libre | -- Enc. hol. |
| Estatus retirado | Estado de pérdida | Estado de daño | No para préstamo | Colección | Biblioteca de origen | Biblioteca actual | Ubicación en estantería | Fecha de adquisición | Fuente de adquisición | Total de préstamos | Signatura topográfica completa | Código de barras | Visto por última vez | Precio de reemplazo | Tipo de ítem Koha |
|---|---|---|---|---|---|---|---|---|---|---|---|---|---|---|---|
| Libros del s. XIX | Biblioteca del Ateneo de Madrid | Biblioteca del Ateneo de Madrid | Sala Valle Inclán | 17/01/2008 | D-450 | 901175584 | 23/02/2023 | 23/02/2023 | Libro impreso antiguo | ||||||
| Libros del s. XIX | Biblioteca del Ateneo de Madrid | Biblioteca del Ateneo de Madrid | Sala Valle Inclán | 17/01/2008 | D-2183 | 901175583 | 23/02/2023 | 23/02/2023 | Libro impreso antiguo |
